Cadmium in the environment (Record no. 31243)

MARC details
000 -LEADER
fixed length control field 00281nam a2200121Ia 4500
082 ## - DEWEY DECIMAL CLASSIFICATION NUMBER
Classification number 546.48
Item number FRI
100 ## - MAIN ENTRY--AUTHOR NAME
Personal name Friberg, Lars
245 #0 - TITLE STATEMENT
Title Cadmium in the environment
250 ## - EDITION STATEMENT
Edition statement Ed.2
260 ## - PUBLICATION, DISTRIBUTION, ETC. (IMPRINT)
Place of publication Ohio
Name of publisher CRC
Year of publication 1976
942 ## - ADDED ENTRY ELEMENTS (KOHA)
Koha item type Books
Holdings
Withdrawn status Lost status Damaged status Not for loan Home library Current library Date acquired Cost, normal purchase price Full call number Accession Number Koha item type
        RRII Library RRII Library 16/12/2021 41.95 546.48 FRI 11793 Books